000
00467nam a2200181Ia 4500
008
090124s9999 xx 000 0 und d
082
_b
12148
_a
2782
100
_a
मिरासदार द.मा.
245
_a
गफलत
250
_a
1
260
_c
1961
300
_a
155
600
_a
मिरासदार द.मा.
630
_a
गफलत
700
_a
मिरासदार द.मा.
730
_a
गफलत
942
_c
BOOK
999
_c
126087
_d
126087